[Event "Oskarja Memorial 10th"]
[Site "Chess.com INT"]
[Date "2021.01.16"]
[Round "7"]
[White "Podrzaj, Ivo"]
[Black "Leonardi, Caterina"]
[Result "1-0"]
[WhiteElo "2035"]
[BlackElo "1939"]
[PlyCount "63"]
[EventDate "2021.01.16"]
[EventType "swiss (blitz)"]
[EventRounds "15"]
[EventCountry "SLO"]
[SourceTitle "CBM 200 Extra"]
[Source "ChessBase"]
[SourceDate "2021.03.31"]
[SourceVersion "1"]
[SourceVersionDate "2021.03.31"]
[SourceQuality "1"]

1. Nc3 d5 2. e3 g6 3. Qe2 Bg7 4. f3 Nf6 5. g3 0-0 6. Nh3 e5 7. Nd1 c5 8. Nhf2 Nc6 9. a3 Be6 10. Bg2 e4 11. 0-0 exf3 12. Bxf3 Ne5 13. Bg2 Nfg4 14. h3 Nf6 15. g4 h5 16. d4 cxd4 17. exd4 Nc6 18. c3 hxg4 19. hxg4 Qd7 20. Ne3 Rfe8 21. Qf3 Nh7 22. Nh3 f5 23. gxf5 gxf5 24. Nf4 Bf7 25. Nfxd5 Nxd4 26. cxd4 Bxd4 27. Kh1 Re4 28. Nxf5 Rh4+ 29. Nxh4 Ng5 30. Nf6+ Bxf6 31. Qxf6 Qg4 32. Qxg5+ 1-0

[Event "Oskarja Memorial 10th"]
[Site "Chess.com INT"]
[Date "2021.01.16"]
[Round "2"]
[White "Podrzaj, Ivo"]
[Black "Markun, Ozbej"]
[Result "1-0"]
[WhiteElo "2035"]
[BlackElo "1753"]
[PlyCount "89"]
[EventDate "2021.01.16"]
[EventType "swiss (blitz)"]
[EventRounds "15"]
[EventCountry "SLO"]
[SourceTitle "CBM 200 Extra"]
[Source "ChessBase"]
[SourceDate "2021.03.31"]
[SourceVersion "1"]
[SourceVersionDate "2021.03.31"]
[SourceQuality "1"]

1. Nc3 d5 2. e3 e6 3. Qe2 Nf6 4. f3 Be7 5. Nh3 0-0 6. Nf2 c5 7. Ncd1 Nc6 8. a3 b6 9. g3 a5 10. d3 b5 11. Bg2 Ba6 12. 0-0 Qc7 13. Kh1 a4 14. Rg1 Bb7 15. Bd2 b4 16. Nh3 Rfb8 17. Ndf2 bxa3 18. bxa3 Ba6 19. Bc1 Na5 20. e4 c4 21. Bf4 e5 22. Be3 d4 23. Bd2 cxd3 24. cxd3 Rb3 25. f4 Nd7 26. Rgc1 Qd8 27. Rd1 Bxa3 28. f5 Bb5 29. g4 Bb2 30. Ra2 Bc3 31. Bc1 Nc6 32. g5 Nb4 33. f6 Nxa2 34. Qxa2 Nc5 35. Qe2 a3 36. fxg7 a2 37. Ng4 a1Q 38. Nf6+ Qxf6 39. gxf6 Rb1 40. Nf2 Rxc1 41. Bf1 Rxd1 42. Nxd1 Ba4 43. Nf2 Bb3 44. Ng4 Ra2 45. Nh6# 1-0

[Event "Oskarja Memorial 10th"]
[Site "Chess.com INT"]
[Date "2021.01.16"]
[Round "11"]
[White "Podrzaj, Ivo"]
[Black "Pretnar, Bostjan"]
[Result "1-0"]
[WhiteElo "2035"]
[BlackElo "1794"]
[PlyCount "95"]
[EventDate "2021.01.16"]
[EventType "swiss (blitz)"]
[EventRounds "15"]
[EventCountry "SLO"]
[SourceTitle "CBM 200 Extra"]
[Source "ChessBase"]
[SourceDate "2021.03.31"]
[SourceVersion "1"]
[SourceVersionDate "2021.03.31"]
[SourceQuality "1"]

1. Nc3 Nf6 2. e3 d5 3. Qe2 c5 4. Nd1 Nc6 5. a3 e5 6. f3 Bd6 7. Nf2 0-0 8. g3 Re8 9. Bg2 Qc7 10. Ngh3 Be6 11. 0-0 Rad8 12. Kh1 Qd7 13. Ng5 Bf5 14. d3 Bg6 15. Ngh3 h6 16. Bd2 Nh7 17. c3 f5 18. e4 d4 19. exf5 Bxf5 20. c4 a5 21. b3 Rf8 22. Ng1 Rde8 23. Ne4 Bxe4 24. Qxe4 Nf6 25. Qe2 Ne7 26. Nh3 Nf5 27. Nf2 b6 28. Ne4 Bc7 29. Rae1 Ne7 30. f4 Nxe4 31. Bxe4 exf4 32. gxf4 Qd6 33. Qg2 Qf6 34. Rf2 Nf5 35. Ref1 Kh8 36. Qh3 Nd6 37. Bg2 Nf5 38. Be4 Nd6 39. Bc6 Re7 40. f5 Nf7 41. Be4 Ng5 42. Bxg5 Qxg5 43. Rg2 Qf6 44. Rfg1 Rfe8 45. Rg6 Qe5 46. f6 Re6 47. Qxh6+ gxh6 48. Rxh6# 1-0

[Event "Oskarja Memorial 10th"]
[Site "Chess.com INT"]
[Date "2021.01.16"]
[Round "5"]
[White "Podrzaj, Ivo"]
[Black "Turicnik, Vlado"]
[Result "0-1"]
[WhiteElo "2035"]
[BlackElo "2025"]
[PlyCount "82"]
[EventDate "2021.01.16"]
[EventType "swiss (blitz)"]
[EventRounds "15"]
[EventCountry "SLO"]
[SourceTitle "CBM 200 Extra"]
[Source "ChessBase"]
[SourceDate "2021.03.31"]
[SourceVersion "1"]
[SourceVersionDate "2021.03.31"]
[SourceQuality "1"]

1. Nc3 g6 2. e3 Bg7 3. f3 f5 4. Nh3 d5 5. Nf2 e6 6. Qe2 c6 7. g3 Nf6 8. Bg2 0-0 9. 0-0 b6 10. d3 Ba6 11. e4 dxe4 12. fxe4 Nbd7 13. Bg5 Qc7 14. Rad1 Rfe8 15. g4 h6 16. Bc1 g5 17. gxf5 exf5 18. Qf3 f4 19. Bh3 Ne5 20. Qg2 Bc8 21. Bf5 Bxf5 22. exf5 Qd7 23. Nce4 Qxf5 24. Nd6 Qe6 25. Nxe8 Rxe8 26. Ne4 Nd5 27. Kh1 Ng6 28. Rde1 Nh4 29. Qf2 Qh3 30. Rg1 Bd4 31. Qf1 Qd7 32. c4 Bxg1 33. cxd5 Bd4 34. Qe2 Qxd5 35. Qg4 Bf2 36. Bxf4 Qxd3 37. Nf6+ Kf7 38. Nxe8 Bxe1 39. Nd6+ Kg6 40. Qe6+ Kh5 41. Qxe1 Qf3+ 0-1

[Event "SLO-chT West"]
[Site "Bled"]
[Date "2004.11.06"]
[Round "2"]
[White "Pirsic, Marko"]
[Black "Podrzaj, Ivo"]
[Result "0-1"]
[WhiteElo "1506"]
[BlackElo "1874"]
[PlyCount "152"]
[EventDate "2004.11.05"]
[EventType "team"]
[EventRounds "9"]
[EventCountry "SLO"]
[SourceTitle "EXT 2009"]
[Source "ChessBase"]
[SourceDate "2008.11.26"]
[SourceVersion "1"]
[SourceVersionDate "2008.11.26"]
[SourceQuality "1"]

1. e4 Nc6 2. Nf3 e5 3. Bb5 a6 4. Ba4 Nf6 5. 0-0 d6 6. Re1 Be7 7. c3 b5 8. Bb3 Na5 9. Bc2 c5 10. h3 0-0 11. d4 Qc7 12. d5 Nc4 13. b3 Nb6 14. Bb2 h6 15. Nbd2 Nh7 16. g4 g6 17. Kh2 Bf6 18. Nf1 Bg7 19. Ng3 Qe7 20. Bc1 Nf6 21. Nd2 h5 22. gxh5 Qd7 23. Rh1 Qxh3+ 24. Kg1 Qg4 25. Qxg4 Bxg4 26. hxg6 fxg6 27. f3 Bd7 28. Ndf1 Rf7 29. Be3 a5 30. Nd2 b4 31. c4 Be8 32. a3 Rfa7 33. a4 Rf7 34. Rf1 Raa7 35. Rf2 Bh8 36. Kf1 Rh7 37. Rg1 Kf8 38. f4 Ng4 39. Re2 Nxe3+ 40. Rxe3 exf4 41. Rf3 Be5 42. Ne2 Rh4 43. Rf2 Rah7 44. Nf3 Rh1 45. Ng5 Rxg1+ 46. Kxg1 Rh4 47. Ne6+ Ke7 48. N6xf4 Nd7 49. Ng2 Rg4 50. Kf1 Nf6 51. Rf3 Nxe4 52. Bxe4 Rxe4 53. Rh3 Bf7 54. Ne1 g5 55. Kf2 Bg6 56. Ng2 Kf7 57. Ne3 g4 58. Rh1 Kg7 59. Rg1 Bh5 60. Nf5+ Kg6 61. Nfg3 Bxg3+ 62. Rxg3 Kg5 63. Rg1 Re7 64. Ng3 Rf7+ 65. Ke2 Rf3 66. Ne4+ Kf4 67. Nxd6 Rxb3 68. Nb7 Bg6 69. Nxc5 Rb2+ 70. Ke1 Rb1+ 71. Kd2 Rxg1 72. d6 Bf5 73. Nd3+ Ke4 74. c5 Rg2+ 75. Kc1 Kxd3 76. c6 Rc2+ 0-1